00421nam a2200157Ia 45000010006000000050017000060080041000230410008000640820015000721000030000872450093001172600009002103000028002196500008002476540008002552078420260306172831.0260306t2019||||xx |||||||||||||| ||spa|| aESP a343.8bA72 aArias Copitan, PabloeAUT 0aManual práctico del impuesto a la renta empresarial:bun enfoque contable y tributario c2019 a414 páginas :c25 cm. aGEN aCDE